| 000 | 00862cab a2200277 4500 | ||
|---|---|---|---|
| 001 | WB2505-20 | ||
| 008 | 090401t1989 xxu||||| |||| 00| 0 eng d | ||
| 035 | _a(Sirsi) u47578 | ||
| 041 | _aeng | ||
| 245 | _aMeasures to protect tenants announced | ||
| 260 | _c1989 | ||
| 350 | _a0 | ||
| 490 |
_aDoE News Release _vRef 44, 26 January 1989 2 pages |
||
| 520 | _aExplains local authorities ` strengthened powers under the Housing Act 1988 as set out in two DoE Circulars. | ||
| 650 | _aASSURED TENANCIES | ||
| 650 | _aEVICTION | ||
| 650 | _aHARASSMENT | ||
| 650 | _aIMPROVEMENT GRANTS | ||
| 650 | _aPRIVATE RENTED SECTOR | ||
| 650 | _aREPAIR NOTICES | ||
| 650 | _aREPAIR | ||
| 650 | _aPROPERTY-RESIDENTIAL PROPERTY-RESIDENTIAL LANDLORD AND TENANT-RESIDENTIAL TENANCIES | ||
| 690 |
_aBlock management _96220 |
||
| 942 | _n0 | ||
| 948 | _c04/03/1997 | ||
| 999 |
_c29998 _d29998 |
||